Stavebno-technologický projekt pre stavbu: komplex Office Prístavná 1

Salvato in:
Dettagli Bibliografici
Autore principale: Šimuláková, Lucia (Autore)
Altri autori: Ďubek, Marek (Relatore della tesi)
Natura: Manoscritto Libro
Lingua:slovacco
Pubblicazione: 2024
Soggetti:
Accesso online:http://is.stuba.sk/zp/portal_zp.pl?podrobnosti=175994
https://opac.crzp.sk/?fn=detailBiblioForm&sid=AA0D9432EF6DE826CF191C4F11D3
Tags: Aggiungi Tag
Nessun Tag, puoi essere il primo ad aggiungerne!!

MARC

LEADER 00000ntm a22000003a 4500
001 stuzp99582
003 SK-STU
005 20240927115848.3
007 ta
008 150427s2015----xo-----f-mn---000-0-slo-d
040 |a STU  |b slo 
041 0 |a slo 
100 1 |a Šimuláková, Lucia  |u 010270  |4 aut  |U SvF Stavebná fakulta  |T SvF Katedra technológie stavieb  |X 103901  |U V270  |Y 28  |7 103901 
242 0 1 |a Construction - Technological Project - complex Office Prístavná 1  |y eng 
245 1 0 |a Stavebno-technologický projekt pre stavbu: komplex Office Prístavná 1 
260 |c 2024 
650 4 |a Prístavná Office 1  |2 slo 
650 4 |a technologický projekt  |2 slo 
650 4 |a časový harmonogram  |2 slo 
650 4 |a zariadenie staveniska  |2 slo 
650 4 |a vzduchová nepriezvučnosť  |2 slo 
650 4 |a construction schedule  |2 eng 
650 4 |a technological project  |2 eng 
650 4 |a Prístavná Office 1  |2 eng 
650 4 |a air sound insulation  |2 eng 
650 4 |a site equipment  |2 eng 
700 1 |a Ďubek, Marek  |u 010270  |k Z1  |4 ths  |U SvF Stavebná fakulta  |T SvF Katedra technológie stavieb  |X 20818  |U V270  |Y 28  |7 A000020818 
856 4 |u http://is.stuba.sk/zp/portal_zp.pl?podrobnosti=175994 
856 4 |u https://opac.crzp.sk/?fn=detailBiblioForm&sid=AA0D9432EF6DE826CF191C4F11D3